00334nam a2200133Ia 4500003000400000008004100004020002600045040000800071100001900079245004000098250001200138260004000150300001000190LDD181101s9999 xx 000 0 und d a9789380182834c250.00 cLDD aAmrohvi, Anees 0aWo bhi ek zamana thacAnees Amrohvi a2nd ed. aDelhibTakhleeqkar Publishersc2013 a256p.